Jesse Eisenberg Movies! - Statistics

General Stats
  • This quiz has been taken 12 times
  • The average score is 8 of 45
Answer Stats
Year Movie % Correct
2013 Now You See Me
92%
2016 Now You See Me 2
83%
2009 Zombieland
67%
2010 The Social Network
58%
2011 Rio
50%
2014 Rio 2
50%
2024 A Real Pain
33%
2019 Zombieland: Double Tap
33%
2017 Justice League
25%
2019 Vivarium
25%
2009 Adventureland
17%
2016 Cafe Society
17%
2002 The Emperor's Club
17%
2022 When You Finish Saving the World
17%
2012 Why Stop Now
17%
2011 30 Minutes or Less
8%
2015 American Ultra
8%
2016 Batman v Superman: Dawn of Justice
8%
2010 Camp Hell
8%
2005 Cursed
8%
2013 He's Way More Famous Than You
8%
2023 Manodrome
8%
2013 Night Moves
8%
2020 Resistance
8%
2002 Roger Dodger
8%
2024 Sasquatch Sunset
8%
2009 Solitary Man
8%
2019 The Art of Self-Defense
8%
2013 The Double
8%
2007 The Education of Charlie Banks
8%
2015 The End of the Tour
8%
2018 The Hummingbird Project
8%
2007 The Hunting Party
8%
2005 The Squid and the Whale
8%
2004 The Village
8%
2012 To Rome With Love
8%
2012 Free Samples
0%
2010 Holy Rollers
0%
TBD I'll Be Right There
0%
2001 Lightning: Fire From the Sky
0%
2015 Louder Than Bombs
0%
2007 One Day Like Rain
0%
2007 The Living Wake
0%
2018 The World Before Your Feet
0%
2021 Wild Indian
0%
No matching quizzes found
Score Distribution
Percent of People with Each Score
Percentile by Number Answered
Your Score History
You have not taken this quiz